Terrazas Y Balcones: (Record no. 588195)

000 -LEADER
fixed length control field 00346nam a22001337a 4500
020 ## - INTERNATIONAL STANDARD BOOK NUMBER
International Standard Book Number 9788496449886
040 ## - CATALOGING SOURCE
Transcribing agency NUST
082 ## - DEWEY DECIMAL CLASSIFICATION NUMBER
Classification number 721.84 VID
100 ## - MAIN ENTRY--PERSONAL NAME
Personal name Vidiella, Alex Sanchez
9 (RLIN) 89466
245 ## - TITLE STATEMENT
Title Terrazas Y Balcones:
Remainder of title Soluciones Urbanas
260 ## - PUBLICATION, DISTRIBUTION, ETC.
Place of publication, distribution, etc. MEXICO:
Name of publisher, distributor, etc. Loft Publications,
Date of publication, distribution, etc. 2009.
650 ## - SUBJECT ADDED ENTRY--TOPICAL TERM
Topical term or geographic name entry element Terrazas
9 (RLIN) 89467
942 ## - ADDED ENTRY ELEMENTS (KOHA)
Source of classification or shelving scheme
Koha item type Book
Holdings
Withdrawn status Lost status Source of classification or shelving scheme Damaged status Not for loan Permanent Location Current Location Shelving location Date acquired Total Checkouts Full call number Barcode Date last seen Price effective from Koha item type
          College of Electrical & Mechanical Engineering (CEME) College of Electrical & Mechanical Engineering (CEME) General Stacks 02/23/2022   721.84 VID (KIDS SEC) CEME-50450 02/23/2022 02/23/2022 Book
© 2023 Central Library, National University of Sciences and Technology. All Rights Reserved.